Le chocolat dans l'Histoire (et dans les histoires) - Statistiques

Statistiques générales
  • Ce quiz a été pris 436 fois
  • Le résultat moyen est 6 sur 15
Statistiques - réponses
Indice Personnage % Correct
Sur la Santa-María, il aurait pris des fèves de cacao pour des crottes de chèvre et les aurait jetées par dessu bord. Christophe Colomb
89%
Il tient une chocolaterie fabuleuse que vous pourrez visiter si vous trouvez un ticket d'or. Willy Wonka
76%
Il en a trouvé un! Charlie Bucket
69%
Le chocolat arrive en France lors de son mariage à Anne d'Autriche, en 1615. Louis XIII
66%
Scénariste britannique qui utilisa du chocolat liquide dans son film "Psychose" pour imiter le sang Alfred Hitchcock
57%
Elle en a trop mangé, et elle le chante! Olivia Ruiz
41%
Conquistador qui est certainement l'un des premiers européens à avoir goûté au chocolat. Hernán Cortès
36%
La vie de cette romancière belge commença selon elle réellement lorsqu'elle goûta au chocolat. Amélie Nothomb
35%
En 2016, on demanda le prix d'un pain au chocolat à cet homme politique, ce à quoi il répondit ... "10 à 15 centimes"! Jean-François Copé
35%
Lorsque ce Premier Ministre présenta en 2012 sa politique générale, on lui répondit "Pas de bras, pas de chocolat!". Jean-Marc Ayrault
28%
Empereur issu de la maison des Habsbourg qui introduisit le chocolat dans les cours européennes. Charles Quint
26%
Empereur aztèque qui lui en fit goûter. Moctezuma
14%
Louis XIV lui accorda le monopole du chocolat. David Chaillou
1%
Selon cet écrivain classique, le chocolat est le "grain de folie" dont tout "homme raisonnable" a besoin François de La Rochefoucauld
1%
Selon lui, le chocolat à meilleur goût "quand on a envie de crever". Romain Gary
1%
Aucun quiz correspondant
Distribution des résultats
% des personnes avec chaque résultat
Percentile par nombre de réponses
Votre historique - résultats
Vous n’avez pas pris ce quiz